| 000 | 00450 a2200169 4500 | ||
|---|---|---|---|
| 999 |
_c9408 _d9408 |
||
| 020 | _a97805409035131 | ||
| 050 | _aKTL511JAC2008 | ||
| 100 |
_aHeaton Jcqueline _eauthor |
||
| 245 |
_aThe South African law of persons / _cJascqueline Heaton |
||
| 250 | _a3rd ed | ||
| 264 |
_aDurban: _bLexisNexis, _c2008 |
||
| 300 | _a183p. : | ||
| 500 | _aincludes index | ||
| 650 | _alaw of persons | ||
| 700 |
_aHeaton J _eauthor |
||
| 942 |
_2lcc _cBK _h511 _iJAC _kKTL |
||